| 000 | 00378nam a2200145Ia 4500 | ||
|---|---|---|---|
| 008 | 191201s2005 xx 000 0 und d | ||
| 082 |
_a621.382 _bSHF |
||
| 100 | _aSHAH, K K | ||
| 245 | 0 | _aFundamentals of Basic Analog (CW) Communication Systems | |
| 250 | _a1st | ||
| 260 |
_aN.Delhi _bDhanpat Rai Pub (P) Ltd _c2005 |
||
| 300 | _a667 | ||
| 650 | _aB.Tech(ECE) | ||
| 942 |
_2ddc _cBK |
||
| 999 |
_c910 _d910 |
||